000 01028cam a22003011 4500
001 35270
003 BD-RjUL
005 20211209052305.0
008 140520s1968 nyua s 001 0 eng
020 _a003048300X
035 _a(BD-RjUL)35364
040 _aDLC
_cDLC
_dBD-RjUL
_beng
041 _aeng
082 0 0 _a519.5
_bANB 1968
100 1 _aAnderson, Theodore R.
_9107448
245 1 2 _aA basic course in statistics :
_cTheodore R. Anderson and Morris Zelditch, Jr.
_bwith sociological applications /
250 _a2nd ed.
260 _aNew York :
_bHolt, Rinehart, and Winston,
_cc1968.
300 _axvii, 334 p. :
_bill. ;
_c24 cm.
490 0 _aInternational series in decision processes
500 _aFirst ed., by Morris Zelditch, Jr., published in 1959 under title: A basic course in sociological statistics.
504 _aIncludes index.
650 0 _aStatistics.
_9107449
700 1 _aZelditch, Morris,
_ejoint author.
_9100800
942 _2ddc
_cBK
999 _c35270
_d35270